Taylor Swift - Love Story Lyrics - Statistics

General Stats
  • This quiz has been taken 382 times
    377 since last reset
  • The average score is 310 of 362
Answer Stats
Answer % Correct
I
98%
a
97%
you
97%
the
96%
We
96%
we
96%
and
95%
And
95%
be
94%
my
94%
My
94%
were
94%
we're
94%
love
93%
me
93%
Romeo
93%
"Romeo
93%
say
93%
when
93%
When
93%
said
92%
story
92%
alone
91%
baby
91%
dad
91%
do
91%
So
91%
so
91%
to
91%
"yes"
91%
"Yes"
91%
yes"
91%
first
90%
go"
90%
go
90%
it
90%
It's
90%
it's
90%
Juliet"
90%
Juliet
90%
just
90%
on
90%
saw
90%
your
90%
can
89%
don't
89%
Don't
89%
in
89%
take
89%
young
89%
daddy
88%
from
88%
He
88%
know
88%
"Stay
88%
all
87%
away
87%
both
87%
I'll
87%
i'll
87%
"Please
87%
prince
87%
princess
87%
somewhere
87%
waiting
87%
was
87%
You'll
87%
you'll
87%
close
86%
is
86%
Is
86%
That
86%
eyes
85%
there
84%
out
83%
begging
82%
for
81%
never
81%
But
80%
but
80%
flashback
80%
have
80%
real
80%
standing
80%
this
80%
This
80%
did
79%
Little
79%
little
79%
summer
79%
that's
79%
air
78%
dress
78%
"Marry
78%
run
78%
See
78%
see
78%
balcony
77%
"hello"
77%
white
77%
crying
76%
feel
76%
make
76%
save
76%
starts
76%
ground
75%
i'm
75%
come
74%
of
74%
really
74%
ring
74%
talked
74%
if
73%
what
73%
head?
72%
i've
72%
pick
72%
been
71%
'cause
71%
'Cause
71%
feeling
71%
party
71%
throwing
71%
ever
70%
garden
70%
they
70%
think"
70%
ball
69%
staircase
69%
while
69%
crowd
68%
lights
68%
Oh
68%
oh
68%
way
68%
keep
67%
scarlet
67%
town
67%
we'll
67%
around
66%
coming
66%
got
66%
pulled
66%
sneak
66%
tell
66%
through
66%
tired
66%
faith
65%
how
65%
pebbles
65%
Wondering
65%
afraid
64%
knew
64%
left
64%
difficult
63%
everything
63%
gowns
63%
letter
63%
met
62%
dead
60%
fading
60%
mess
60%
quiet
60%
trying
57%
knelt
56%
they're
56%
outskirts
53%
Escape
52%
there's
50%
No matching quizzes found
Score Distribution
Percent of People with Each Score
Percentile by Number Answered
Your Score History
You have not taken this quiz since the last reset